000
00214 a2200085 4500
020
_a
9788126538591
100
_a
Vinod Hosur
245
_a
Earthquake-Resistant Design of Building Structures
260
_b
Wiley India
_c
2012
999
_c
13357
_d
13357